000 01351cam a2200313 i 4500
001 20843401
003 ARRUPE
005 20211027112206.0
008 190207s2019 nyu b 001 0 eng
010 _a 2019005842
020 _a9781524748258
_q(hard cover :
_qalk. paper)
020 _a9780525566045
_q(paperback)
020 _z9781524748265
_q(e-book)
040 _aDLC
_beng
_cDLC
_erda
_dDLC
042 _apcc
050 0 0 _aQ335
_b.M368 2019
082 0 0 _a006.3
_223
100 1 _aMarcus, Gary,
_eauthor.
_950726
245 1 0 _aRebooting AI :
_bbuilding artificial intelligence we can trust /
_cGary Marcus and Ernest Davis.
250 _aFirst edition.
300 _a273 pages ;
_c25 cm
504 _aIncludes bibliographical references and index.
505 0 _aMind the gap -- What's at stake -- Deep learning, and beyond -- If computers are so smart, how come they can't read? -- Where's Rosie? -- Insights from the human mind -- Common sense, and the path to deep understanding -- Trust.
650 0 _aArtificial intelligence.
700 1 _aDavis, Ernest,
_eauthor.
_950727
906 _a7
_bcbc
_corignew
_d1
_eecip
_f20
_gy-gencatlg
942 _2lcc
_cMONOGRAPH
999 _c131001
_d131001